01010nam a22002057a 450000500170000000800410001702000180005804000100007608200200008610000300010624502070013626000430034330000260038665001170041270000280052970000210055794200130057899900170059195201960060820260219100534.0260219b |||||||| |||| 00| 0 eng d a9789393875280 cVITAP 223a796.356 SEN aSengupta, Ayon Ed.917136 aFIH Odisha Hockey Men's World Cup 2023b: The 15th Chapter of The FIH World Cup Saw a Grand Celebration of The Sport in Odisha, Which Became The First to Host Back-to- Back Editionsc/ Ayon Sengupta Ed. aChennaibTHG Publishing Pvt Ltd.c2024 a252p, ill.: 30cm*30cm 0aHistory of the Hockey World Cup, About the Host, Tournament Format, Teams & Squads, Match Highlights etc.917137 aNarayanan, R Ed.917138 aPrasad, G917139 2ddccREF c47300d47300 00102ddc3Hard Bound40718REFaVSBbVITAPcREFd2026-01-12eThe Hindu Group of Publicationsg2999.00i9001173329l0o796.356 SENp025508r2026-02-19 10:04:48v2999.00w2026-01-12yREFzGEN